000 01226nam a2200241Ia 4500
999 _c55990
_d55990
001 23089
003 GE_BSU
005 20230619173731.0
008 181216s1978ge xx |||||||||||||| ||geo||
040 _cGE_BSU
041 _ageo
080 _a821.14'01-21 ე-86
100 _aესქილე
_917957
245 _aტრაგედიები /
_cესქილე, რედ. გ. ბაქანიძე, წინასიტყვ. ესქილეს დრამები-ავტ. და ძვ. ბერძნ. მთარგმნ. გიგლა სარიშვილი
264 _aთბილისი :
_bმერანი,
_c1978.
300 _a376 გვ. ;
_b 21 სმ.
546 _aპარალ. სათ. ინგლ. ენ.
653 _aმავედრებელნი. სპარსელები. შვიდთა ლაშქრობა თემებზე. მიჯაჭვული პრომეთე.
653 _aტრაგედიები
700 _a ბაქანიძე, გ
_eრედაქტორი
_918815
700 _aსარიშვილი, გიგლა
_eმთარგმნელი
_917472
942 _cBK
_2udc